| 000 | 00805pam a2200229 a 4500 | ||
|---|---|---|---|
| 001 | 4853276 | ||
| 005 | 20241130125945.0 | ||
| 008 | 911016s1992 caua 001 0 eng | ||
| 020 | _a0534162185 | ||
| 050 | 0 | 0 |
_aQD251.2 _b.M43 1992 |
| 082 | 0 | 0 |
_a547 _220 |
| 100 | 1 | _aMcMurry, John. | |
| 245 | 1 | 0 |
_aOrganic chemistry / _cJohn McMurry. |
| 250 | _a3rd ed. | ||
| 260 |
_aPacific Grove, Calif. : _bBrooks/Cole Pub., _cc1992. |
||
| 300 |
_a1 v. (various pagings) : _bill. (some col.) ; _c27 cm. |
||
| 500 | _aIncludes index. | ||
| 650 | 0 | _aChemistry, Organic. | |
| 856 | 4 | 2 |
_3Contributor biographical information _uhttp://www.loc.gov/catdir/enhancements/fy1515/91040322-b.html |
| 856 | 4 | 2 |
_3Publisher description _uhttp://www.loc.gov/catdir/enhancements/fy1515/91040322-d.html |
| 942 |
_2lcc _cBK _e3rd ed. _n0 |
||
| 999 |
_c1850 _d1850 |
||